[Event "Fide Mercenarios 8th"]
[Site "Mexico City"]
[Date "1995.??.??"]
[Round "3"]
[White "Anaya Echeverria, Javier"]
[Black "Vargas, JL."]
[Result "1-0"]
[WhiteElo "2115"]
[BlackElo "2000"]
[PlyCount "153"]
[EventDate "1995.??.??"]
[EventType "tourn"]
[EventRounds "11"]
[EventCountry "MEX"]
[SourceTitle "EXT 2000"]
[Source "ChessBase"]
[SourceDate "1999.11.16"]
[SourceVersion "1"]
[SourceVersionDate "1999.11.16"]
[SourceQuality "1"]

1. c4 Nf6 2. Nc3 e6 3. g3 d5 4. Bg2 c6 5. cxd5 exd5 6. d4 Bf5 7. Qb3 Qb6 8. Qxb6 axb6 9. Nf3 Na6 10. 0-0 Nb4 11. Bf4 Be7 12. a3 Nc2 13. Rad1 b5 14. Nh4 Be6 15. Rd2 b4 16. Rxc2 bxc3 17. Rxc3 Ne4 18. Bxe4 dxe4 19. Ng2 0-0 20. Rd1 Rfd8 21. Bc7 Rd7 22. Bb6 Ra6 23. Bc5 Bf6 24. Ne3 b6 25. Bb4 c5 26. dxc5 Bxc3 27. Rxd7 Bxd7 28. bxc3 bxc5 29. Bxc5 Rc6 30. Bb4 Be6 31. Nc2 f5 32. Nd4 Ra6 33. a4 Kf7 34. a5 g6 35. e3 Bc4 36. f4 exf3 37. Nxf3 Kf6 38. Kf2 g5 39. Nd2 Bd3 40. Nb3 Bc4 41. Nc5 Rd6 42. Ne4+ fxe4 43. Bxd6 g4 44. Ke1 Ke6 45. Bc7 Kd5 46. Kd2 Kc6 47. Bb6 Kb5 48. Kc1 Ka4 49. Kb2 Kb5 50. Ka3 Bd3 51. Bd8 Bc4 52. a6 Kxa6 53. Kb4 Bd3 54. Kc5 Kb7 55. Kd6 Kc8 56. Ba5 Kb7 57. Ke5 Kc6 58. Kf5 h5 59. Kg5 Kd5 60. Kxh5 Be2 61. Bb6 Ke5 62. Kg5 Kd5 63. Kf4 Bf3 64. Bd4 Be2 65. Kg5 Bf3 66. Kh4 Ke6 67. c4 Kf5 68. c5 Be2 69. c6 Ba6 70. h3 gxh3 71. Kxh3 Kg5 72. Bc5 Bc8+ 73. Kg2 Kg4 74. Bd6 Ba6 75. Kf2 Kh3 76. Bf4 Kg4 77. Ke1 1-0

[Event "Fide Mercenarios 8th"]
[Site "Mexico City"]
[Date "1995.??.??"]
[Round "9"]
[White "Franco, David"]
[Black "Vargas, JL."]
[Result "1-0"]
[WhiteElo "2000"]
[BlackElo "2000"]
[PlyCount "47"]
[EventDate "1995.??.??"]
[EventType "tourn"]
[EventRounds "11"]
[EventCountry "MEX"]
[SourceTitle "EXT 2000"]
[Source "ChessBase"]
[SourceDate "1999.11.16"]
[SourceVersion "1"]
[SourceVersionDate "1999.11.16"]
[SourceQuality "1"]

1. e4 Nf6 2. e5 Nd5 3. Nf3 d6 4. Bc4 e6 5. 0-0 dxe5 6. Nxe5 Bd6 7. f4 Nxf4 8. Rxf4 Bxe5 9. Re4 Qd6 10. Qh5 Nc6 11. c3 Bf6 12. d4 Bd7 13. Bf4 Qe7 14. d5 0-0-0 15. dxc6 Bxc6 16. Re1 g6 17. Qa5 b6 18. Qxa7 Qc5+ 19. Kh1 Bxg2+ 20. Kxg2 Qxc4 21. Qa8+ Kd7 22. Qf3 Ke7 23. Nd2 Rd3 24. Nxc4 1-0